Guía general de intervención para la prevención y atención de la violencia con armas en centros educativos. Vinculación del a prevención de la violencia juvenil con el Plan Nacional de Prevención de la Violencia y Promoción de la Paz Social: por una país sin miedo /
El documento presenta una guía que pretende servir de consulta para las autoridades de los centros educativos, ofreciendo una secuencia lógica de acciones útiles que permitan atender el fenómeno de la violencia juvenil, con énfasis a la generada por cualquier tipo de armas.
Gorde:
| Egile nagusia: | |
|---|---|
| Erakunde egilea: | |
| Formatua: | Documento de Gobierno Liburua |
| Hizkuntza: | Spanish |
| Argitaratua: |
Costa Rica
Fundación Friedrich Ebert,
2008
|
| Gaiak: | |
| Etiketak: |
Etiketa erantsi
Etiketarik gabe, Izan zaitez lehena erregistro honi etiketa jartzen!
|
MARC
| LEADER | 00000nam a22000007a 4500 | ||
|---|---|---|---|
| 003 | cru CRAIS/IIS | ||
| 005 | 20230328105411.0 | ||
| 008 | 211201b2008 cr ||||| |||| 00| 0 spa d | ||
| 040 | |c CRAIS/IIS | ||
| 086 | |a 01.02.06 CR8375g | ||
| 100 | 1 | |9 11100 |a Solano Ortiz, Marcelo | |
| 110 | |9 10187 |a Ministerio de Justicia | ||
| 245 | |a Guía general de intervención para la prevención y atención de la violencia con armas en centros educativos. Vinculación del a prevención de la violencia juvenil con el Plan Nacional de Prevención de la Violencia y Promoción de la Paz Social: por una país sin miedo / |c Marcelo Solano Ortiz y Ministerio de Justicia | ||
| 260 | |a Costa Rica |b Fundación Friedrich Ebert, |c 2008 | ||
| 300 | |a 26p. | ||
| 520 | |a El documento presenta una guía que pretende servir de consulta para las autoridades de los centros educativos, ofreciendo una secuencia lógica de acciones útiles que permitan atender el fenómeno de la violencia juvenil, con énfasis a la generada por cualquier tipo de armas. | ||
| 650 | 0 | 0 | |0 TESAUROS |9 133 |a VIOLENCIA |
| 650 | 0 | 0 | |9 3232 |a JOVENES |
| 650 | 0 | 0 | |9 5354 |a ESCUELAS |
| 650 | 0 | 0 | |9 4537 |a ARMAS |
| 651 | 0 | |9 32 |a COSTA RICA | |
| 856 | |y http://library.fes.de/pdf-files/bueros/fesamcentral/07603.pdf | ||
| 942 | |2 ddc |c LI |h 01.02.06 CR8375g |i 05755 |6 010206_CR8375G_05755 | ||
| 999 | |c 43996 |d 43996 | ||
